| 000 | 00503nam a22001697a 4500 | ||
|---|---|---|---|
| 003 | OSt | ||
| 005 | 20160120142630.0 | ||
| 008 | 130829t xxu||||| |||| 00| 0 eng d | ||
| 020 | _a0553112295 | ||
| 050 |
_aPE 1489 _b.C824 1977 |
||
| 082 |
_aHS 808.6 _bC81 1958 |
||
| 245 |
_aCorrect Letter Writing : _ban abridgment based on Lilian Erchler Watson's standard book of letter writing. |
||
| 260 |
_aNew York : _bBantam Books, _c1958. |
||
| 650 |
_aLetter Writing _915172 |
||
| 942 |
_2lcc _cBK |
||
| 999 |
_c9827 _d9827 |
||